000
00229nam a22000857a 4500
008
161116b xxu||||| |||| 00| 0 eng d
100
_9
1265
_a
Paramasivan. J
245
_a
Alamelu appetite
260
_a
New delhi
_b
National book trust
_c
2006
999
_c
3968
_d
3968